Spotlight on development and investment (Record no. 111146)

MARC details
000 -LEADER
fixed length control field 01279cad a22001935a 4500
001 - CONTROL NUMBER
control field L151092
008 - FIXED-LENGTH DATA ELEMENTS--GENERAL INFORMATION
fixed length control field 100929s2010 xxk d f 000 0 eng d
035 ## - SYSTEM CONTROL NUMBER
System control number (Sirsi) u151092
041 0# - LANGUAGE CODE
Language code of text/sound track or separate title eng
050 04 - LIBRARY OF CONGRESS CALL NUMBER
Classification number 333.3309411 $2 18
110 2# - MAIN ENTRY--CORPORATE NAME
Corporate name or jurisdiction name as entry element Savills Research
9 (RLIN) 5211
245 00 - TITLE STATEMENT
Title Spotlight on development and investment
Remainder of title A new dawn the trends shaping residential development,investment and planning
Medium [electronic resource]
260 ## - PUBLICATION, DISTRIBUTION, ETC.
Place of publication, distribution, etc. London
Name of publisher, distributor, etc. Savills Research
Date of publication, distribution, etc. 2010
520 ## - SUMMARY, ETC.
Summary, etc. A shift in residential tenure from owner-occupation to the private rented sector, financial viability for investors and developers in the residential sector. The abandonment of top down planning with the focus on localism is changing the way the industry delivers housing. Residential development land market forecasts by region and type. Housebuilders are focusing on family housing units and downsizers. Concludes with a look at investment opportunities in the residential development sector.
651 #4 - SUBJECT ADDED ENTRY--GEOGRAPHIC NAME
Geographic name ENGLAND AND WALES
690 ## - LOCAL SUBJECT ADDED ENTRY--TOPICAL TERM (OCLC, RLIN)
Topical term or geographic name as entry element PROPERTY-RESIDENTIAL PROPERTY-RESIDENTIAL PROPERTY MARKET
856 40 - ELECTRONIC LOCATION AND ACCESS
Uniform Resource Identifier <a href="https://pdf.v3.savills-vx.com/uk-residential-research/spotlight-on-development-and-investment---september-2010.pdf">https://pdf.v3.savills-vx.com/uk-residential-research/spotlight-on-development-and-investment---september-2010.pdf</a>
Public note View the item free of charge at www.savills.co.uk
942 ## - ADDED ENTRY ELEMENTS (KOHA)
Suppress in OPAC 0
Holdings
Withdrawn status Lost status Source of classification or shelving scheme Damaged status Not for loan Home library Current library Shelving location Date acquired Total Checkouts Full call number Barcode Date last seen Copy number Price effective from Koha item type
    Dewey Decimal Classification     Virtual Virtual Online 29/09/2010   ONLINE PUBLICATION 151092-2001 06/08/2019 1 06/08/2019 Book